[Event "BSenEM 2014"]
[Site "Berlin"]
[Date "2014.01.31"]
[Round "2.31"]
[White "Schweitzer, Paul"]
[Black "Ahlberg, Günter"]
[Result "0-1"]
[WhiteElo "1563"]
[BlackElo "1893"]
[Annotator "Jaeger,André"]
[PlyCount "81"]
[EventDate "2014.01.30"]
[WhiteTeam "SV Königsjäger Süd-West e.V."]
[BlackTeam "SG Weißensee 49 e.V."]

1. Nf3 c6 2. d4 d5 3. c3 Bf5 4. Nbd2 Nf6 5. e3 e6 6. Be2 Nbd7 7. Nf1 Ne4 8. Ng3
Bg6 9. Qb3 Qc7 10. a3 Bd6 11. c4 Ndf6 12. c5 Bxg3 13. hxg3 Ng4 14. Ne5 Ngxf2
15. Rh4 O-O-O 16. Rf4 f6 17. Ng4 Nxg4 18. Bxg4 f5 19. Bf3 Nxg3 20. Qa4 Kb8 21.
Bd2 Qe7 22. Ba5 Rd7 23. Bb6 a6 24. Rd1 Be8 25. Be2 Nxe2 26. Kxe2 Bh5+ 27. Kf2
Bxd1 28. Qxd1 g5 29. Rf3 g4 30. Rf4 h5 31. a4 h4 32. Kg1 Qg5 33. b4 g3 34. b5
h3 35. bxc6 bxc6 36. gxh3 Qh5 37. Qxh5 Rxh5 38. Kg2 Rdh7 39. h4 Rxh4 40. Kxg3
Rh2 41. Rf1 {Rest unklar.} 0-1

[Event "BSenEM 2014"]
[Site "Berlin"]
[Date "2014.01.31"]
[Round "2.32"]
[White "Kühnemann, Gunnar"]
[Black "Wolf, Manfred"]
[Result "0-1"]
[WhiteElo "1558"]
[BlackElo "1862"]
[Annotator "Jaeger,André"]
[PlyCount "76"]
[EventDate "2014.01.30"]
[WhiteTeam "Mariendorfer SV 06 e.V."]
[BlackTeam "SV Berolina Mitte e.V."]

1. d4 d6 2. Nf3 Bg4 3. Nbd2 Nd7 4. g3 Ngf6 5. Bg2 e6 6. O-O Be7 7. c4 O-O 8. e4
e5 9. d5 Nc5 10. Re1 a5 11. Qc2 c6 12. h3 Bd7 13. b3 cxd5 14. Qd1 d4 15. Nh4 g6
16. Ba3 Ne8 17. Nhf3 Rc8 18. Kh2 f5 19. Bxc5 Rxc5 20. exf5 gxf5 21. Nf1 Ng7 22.
Ng1 Bc6 23. Bxc6 Rxc6 24. Rc1 Bf6 25. a3 Qc7 26. Nf3 Rc8 27. a4 Ne6 28. Nh4
Bxh4 29. gxh4 Nf4 30. Ng3 Qf7 31. Ne2 Ng6 32. h5 Nh4 33. Rg1+ Kf8 34. Ng3 Qf6
35. h6 e4 36. Nh5 Qe5+ 37. Kh1 Nf3 38. Rg2 d5 0-1

[Event "BSenEM 2014"]
[Site "Berlin"]
[Date "2014.01.31"]
[Round "2.33"]
[White "Fiedler, Ronald"]
[Black "Hoffmann, Peter"]
[Result "0-1"]
[WhiteElo "1537"]
[BlackElo "1850"]
[Annotator "Jaeger,André"]
[PlyCount "128"]
[EventDate "2014.01.30"]
[WhiteTeam "SG Wedding e.V."]
[BlackTeam "BSG 1827 Eckbauer e.V."]

1. d4 Nf6 2. c4 g6 3. Nc3 d5 4. cxd5 Nxd5 5. e4 Nxc3 6. bxc3 c5 7. Bc4 Bg7 8.
Be3 Nc6 9. Ne2 O-O 10. Rc1 Bg4 11. f3 Na5 12. Bb3 Bd7 13. dxc5 Qc7 14. O-O Rfd8
15. Qc2 Bb5 16. Rfd1 Nc4 17. Bxc4 Bxc4 18. Nd4 b6 19. cxb6 axb6 20. a4 Be5 21.
g3 Rdc8 22. f4 Bg7 23. Nb5 Qc6 24. Nd4 Qxa4 25. Ra1 Qxc2 26. Nxc2 Bb3 27. Rxa8
Rxa8 28. Rc1 b5 29. Nd4 Bc4 30. Nc6 Kf8 31. e5 Ke8 32. Nb4 e6 33. Bc5 g5 34.
Kf2 gxf4 35. gxf4 Bh6 36. Ke3 f6 37. Bd4 fxe5 38. Bxe5 Bf8 39. Rd1 Ra3 40. Nc6
Bc5+ 41. Bd4 Rxc3+ 42. Ke4 Bxd4 43. Nxd4 Bd5+ 44. Ke5 Ke7 45. Nxb5 Re3+ 46. Kd4
Re4+ 47. Kc5 Rc4+ 48. Kb6 Rxf4 49. Rd4 Rxd4 50. Nxd4 Kd6 51. Nb5+ Ke5 52. Kc5
h5 53. Nc3 h4 54. Ne2 Ke4 55. Nc3+ Ke5 56. Ne2 Bf3 57. Nd4 Bg4 58. h3 Bh5 59.
Nf3+ Kf4 60. Kd6 Bf7 61. Ne5 Bg8 62. Ng6+ Kg3 63. Ke5 Kxh3 64. Ne7 Kg2 0-1

[Event "BSenEM 2014"]
[Site "Berlin"]
[Date "2014.01.31"]
[Round "2.34"]
[White "Hoppensack, Manfred"]
[Black "Theilig, Dr. Reinhard"]
[Result "1-0"]
[WhiteElo "1847"]
[BlackElo "1460"]
[Annotator "Jaeger,André"]
[PlyCount "75"]
[EventDate "2014.01.30"]
[WhiteTeam "SC Friesen Lichtenberg e.V."]
[BlackTeam "VfB Hermsdorf e.V."]

1. e4 d6 2. d4 Nf6 3. Nc3 g6 4. Be2 Bg7 5. Be3 O-O 6. h4 h5 7. Qd2 Ng4 8. Bxg4
Bxg4 9. f3 Bd7 10. O-O-O Na6 11. Bh6 c5 12. Bxg7 Kxg7 13. Nd5 Be6 14. Ne2 Bxd5
15. exd5 c4 16. g4 Rh8 17. Nf4 hxg4 18. fxg4 Qd7 19. Rdg1 Qa4 20. Kb1 Rac8 21.
Rg3 Qb4 22. c3 Qb5 23. g5 Nc7 24. Qg2 a5 25. Re3 Qd7 26. Qe4 Rce8 27. h5 Qf5
28. Qxf5 gxf5 29. h6+ Kh7 30. Rg3 Rhg8 31. Rhg1 e6 32. dxe6 Nxe6 33. Nd5 Kh8
34. Nf6 Nf4 35. Rf1 Ne2 36. Rg2 Re6 37. Nxg8 Kxg8 38. Rff2 1-0

[Event "BSenEM 2014"]
[Site "Berlin"]
[Date "2014.01.31"]
[Round "2.35"]
[White "Baranowsky, Peter"]
[Black "Hülle, Gunter"]
[Result "1-0"]
[WhiteElo "1827"]
[BlackElo "1511"]
[Annotator "Jaeger,André"]
[PlyCount "53"]
[EventDate "2014.01.30"]
[WhiteTeam "Sfrd. Berlin 1903 e.V."]
[BlackTeam "SV Springer Leipzig"]

1. d4 Nf6 2. Nf3 g6 3. Nc3 d5 4. Bf4 Nh5 5. Qd2 Nxf4 6. Qxf4 Bg7 7. e3 O-O 8.
Bd3 b6 9. g4 f5 10. g5 c5 11. h4 Bb7 12. h5 c4 13. Be2 Nd7 14. hxg6 hxg6 15.
Nh4 e5 16. Qh2 Qxg5 17. Rg1 Qh6 18. Rxg6 Qh7 19. O-O-O Rf6 20. Rdg1 Rxg6 21.
Rxg6 Kf7 22. Rg5 Rh8 23. Rh5 Qg8 24. Rxf5+ Bf6 25. dxe5 Nxe5 26. Qxe5 Rxh4 27.
Rxf6+ 1-0

[Event "BSenEM 2014"]
[Site "Berlin"]
[Date "2014.01.31"]
[Round "2.36"]
[White "Plischke, Berthold"]
[Black "Weber, Viktor"]
[Result "1-0"]
[WhiteElo "1813"]
[BlackElo "1390"]
[Annotator "Jaeger,André"]
[PlyCount "49"]
[EventDate "2014.01.30"]
[WhiteTeam "SV Wesel 1928 e.V."]
[BlackTeam "SKV Bad Freienwalde/Oder e.V."]

1. e4 e5 2. Nf3 Nc6 3. d4 exd4 4. Bc4 h6 5. O-O Bc5 6. c3 dxc3 7. Bxf7+ Kf8 8.
Nxc3 Nf6 9. e5 Ng8 10. Bb3 Nge7 11. Be3 Bb6 12. Bxb6 axb6 13. Nd4 Nxd4 14. Qxd4
Nf5 15. Qf4 Qg5 16. Qc4 Qe7 17. Nd5 Qc5 18. Qf4 d6 19. Rfe1 g5 20. Qf3 Kg7 21.
Rac1 Qa5 22. Rxc7+ Kf8 23. Rxc8+ Kg7 24. Rc7+ Kg6 25. Ne7+ 1-0

[Event "BSenEM 2014"]
[Site "Berlin"]
[Date "2014.01.31"]
[Round "2.38"]
[White "Albinus, Dr. Günter"]
[Black "Modrow, Reinert"]
[Result "1-0"]
[WhiteElo "1765"]
[BlackElo "1420"]
[Annotator "Jaeger,André"]
[PlyCount "67"]
[EventDate "2014.01.30"]
[WhiteTeam "SG Weißensee 49 e.V."]
[BlackTeam "ESV 1949 Eberswalde e.V."]

1. Nf3 Nf6 2. b3 d6 3. d4 Nc6 4. Bb2 e6 5. e3 Be7 6. Be2 O-O 7. O-O a6 8. c4 d5
9. Nbd2 b6 10. Rc1 Bb7 11. Qc2 Rc8 12. Rfd1 Re8 13. a3 Na7 14. c5 bxc5 15. dxc5
c6 16. b4 Nd7 17. e4 Bg5 18. Nxg5 Qxg5 19. Nc4 Rb8 20. Nd6 Nb5 21. Nxe8 Rxe8
22. Bd3 g6 23. a4 Nc7 24. Qc3 f6 25. b5 axb5 26. axb5 Ne5 27. bxc6 Bxc6 28. Bf1
dxe4 29. Qg3 Qxg3 30. hxg3 Nd7 31. Rd6 Ba4 32. Rc4 Bb5 33. Rc1 Bxf1 34. Rxd7
1-0

[Event "BSenEM 2014"]
[Site "Berlin"]
[Date "2014.01.31"]
[Round "2.39"]
[White "Kornath, Heinrich"]
[Black "Türk, Bernhard"]
[Result "1-0"]
[WhiteElo "1716"]
[BlackElo "1294"]
[Annotator "Jaeger,André"]
[PlyCount "91"]
[EventDate "2014.01.30"]
[WhiteTeam "SG Eckturm"]
[BlackTeam "SC Eintracht Berlin e.V."]

1. e4 c6 2. c4 d5 3. cxd5 cxd5 4. exd5 Nf6 5. Qa4+ Nbd7 6. Bc4 a6 7. Nc3 b6 8.
d4 Bb7 9. Qb3 b5 10. d6 bxc4 11. Qxb7 exd6 12. Nge2 Be7 13. Qc6 O-O 14. Qxc4
Nb6 15. Qd3 Qd7 16. O-O d5 17. Bg5 Rfe8 18. h3 Nc4 19. b3 Nd6 20. Bxf6 Bxf6 21.
Nxd5 Qd8 22. Nxf6+ Qxf6 23. Ng3 g6 24. Rfe1 Nb5 25. Ne4 Qf5 26. g4 Qf4 27. d5
Rad8 28. g5 Re5 29. Nf6+ Kg7 30. Rxe5 Qxe5 31. Rd1 Qxg5+ 32. Ng4 f6 33. a4 Nc7
34. d6 Ne6 35. Qxa6 h5 36. Qa7+ Kh8 37. Qe7 hxg4 38. Qxe6 gxh3+ 39. Kf1 Qg2+
40. Ke2 h2 41. Qxf6+ Kh7 42. d7 g5 43. Qd4 Kg6 44. Qd3+ Kh5 45. Qh7+ Kg4 46.
Rd4+ 1-0

[Event "BSenEM 2014"]
[Site "Berlin"]
[Date "2014.01.31"]
[Round "2.41"]
[White "Mietzelfeldt, Gerhard"]
[Black "Kuntosch, Peter"]
[Result "1-0"]
[WhiteElo "1688"]
[BlackElo "1200"]
[Annotator "Jaeger,André"]
[PlyCount "73"]
[EventDate "2014.01.30"]
[WhiteTeam "SG Narva Berlin e.V."]
[BlackTeam "ohne Verein"]

1. e4 e5 2. Nf3 Nc6 3. d4 exd4 4. Nxd4 Nxd4 5. Qxd4 b6 6. Be3 Bb7 7. Nc3 Nf6 8.
f3 d6 9. O-O-O Be7 10. Bc4 c5 11. Bb5+ Kf8 12. Qd2 a6 13. Bc4 b5 14. Bd5 Bxd5
15. Nxd5 Nxd5 16. Qxd5 g6 17. Bh6+ Kg8 18. Bf4 Kg7 19. Bxd6 Bxd6 20. Qxd6 Qxd6
21. Rxd6 Rhd8 22. Rhd1 Rxd6 23. Rxd6 Ra7 24. c4 {(=)} f6 25. Rc6 b4 26. Rxc5
Kf7 27. Kc2 Ke7 28. Rd5 Ke6 29. Kd3 a5 30. Kd4 a4 31. c5 Ra6 32. Kc4 a3 33. b3
Ra7 34. f4 Rd7 35. Rxd7 Kxd7 36. Kxb4 Kc6 37. Kc4 1-0

[Event "BSenEM 2014"]
[Site "Berlin"]
[Date "2014.01.31"]
[Round "2.42"]
[White "Hesselbarth, Dr. Karlheinz"]
[Black "Tham, Franz"]
[Result "1-0"]
[WhiteElo "1685"]
[BlackElo "1273"]
[Annotator "Jaeger,André"]
[PlyCount "93"]
[EventDate "2014.01.30"]
[WhiteTeam "SC Zugzwang 95 e.V."]
[BlackTeam "TSG RW Fredersdorf/Vogelsdorf"]

1. d4 Nf6 2. c4 g6 3. Nc3 Bg7 4. e4 d6 5. f3 O-O 6. Be3 Nc6 7. d5 Ne5 8. Qd2 c5
9. Be2 Ned7 10. Nh3 Nb6 11. Nf2 Nfd7 12. g4 Ne5 13. b3 Rb8 14. h4 a6 15. h5 Na8
16. Bh6 Nc7 17. Bxg7 Kxg7 18. f4 Nd7 19. O-O-O b5 20. f5 Ne5 21. hxg6 fxg6 22.
fxg6 hxg6 23. Qh6+ Kf7 24. Rdf1 Ke8 25. Qxf8+ Kxf8 26. Rh8+ Kg7 27. Rxd8 Nf7
28. Rxc8 Rxc8 29. cxb5 axb5 30. Nxb5 Nxb5 31. Bxb5 c4 32. Bxc4 Ne5 33. Kd2
Nxc4+ 34. bxc4 Rxc4 35. Rc1 Ra4 36. Rc2 Kf6 37. Ke3 Ra3+ 38. Nd3 Kg5 39. Rc7
Kf6 40. g5+ Kxg5 41. Rxe7 Rxa2 42. Re6 Ra6 43. e5 Ra5 44. Rxd6 Kf5 45. Rd8 g5
46. d6 Ra4 47. Re8 1-0

[Event "BSenEM 2014"]
[Site "Berlin"]
[Date "2014.01.31"]
[Round "2.43"]
[White "Klevenow, Ursula"]
[Black "Weigelt, Reinhard"]
[Result "0-1"]
[WhiteElo "1404"]
[BlackElo "1878"]
[Annotator "Jaeger,André"]
[PlyCount "112"]
[EventDate "2014.01.30"]
[WhiteTeam "SK Tempelhof 1931 e.V."]
[BlackTeam "SV Berolina Mitte e.V."]

1. d4 f5 2. Nf3 e6 3. c4 Nf6 4. Nc3 Bb4 5. Bg5 O-O 6. e3 d6 7. Be2 Nbd7 8. O-O
Bxc3 9. bxc3 h6 10. Bxf6 Nxf6 11. Qc2 b6 12. Nd2 Bb7 13. Bf3 Bxf3 14. Nxf3 Ne4
15. Nd2 Nxd2 16. Qxd2 c5 17. f3 Qg5 18. Rf2 Rad8 19. Raf1 Qe7 20. Qe2 Qb7 21.
e4 f4 22. Qc2 Rc8 23. Qd3 Rfd8 24. d5 e5 25. Rb1 Qa6 26. Qf1 Rf8 27. Rbb2 Qa4
28. Qe2 Kh7 29. Qf1 Rf7 30. Qe2 Rg8 31. Qf1 g5 32. Kh1 h5 33. Qe2 g4 34. Rf1
Rfg7 35. Qd3 Qd7 36. Qd1 Qe7 37. Qe1 Qg5 38. Qe2 Qh4 39. Qe1 Qe7 40. Qd1 {(=)}
Kh6 41. Qe1 h4 42. Qb1 Rg5 43. Qe1 Rh5 44. Qd1 Qd7 45. Qc1 Rhg5 46. Qe1 Kh5 47.
Qd1 Kg6 48. Qe1 Rh8 49. Qd1 h3 50. fxg4 Rxg4 51. Rg1 Kf7 52. Qf3 Ke8 53. Rc2
Qg7 54. g3 Rf8 55. Rf2 Ke7 56. Rff1 fxg3 0-1

[Event "BSenEM 2014"]
[Site "Berlin"]
[Date "2014.01.31"]
[Round "2.44"]
[White "Krawatzki, Armin"]
[Black "Krusemark, Gerhard"]
[Result "0-1"]
[WhiteElo "1479"]
[BlackElo "1667"]
[Annotator "Jaeger,André"]
[PlyCount "52"]
[EventDate "2014.01.30"]
[WhiteTeam "SVG Läufer Reinickendorf e.V."]
[BlackTeam "TSG RW Fredersdorf/Vogelsdorf"]

1. Nf3 Nf6 2. d4 d6 3. Nc3 g6 4. e4 Bg7 5. Be3 O-O 6. Qd2 Re8 7. h4 e5 8. d5 c6
9. O-O-O cxd5 10. exd5 Bf5 11. Be2 Nbd7 12. Ne1 Qa5 13. f3 h5 14. g4 hxg4 15.
fxg4 Nxg4 16. h5 Ndf6 17. hxg6 fxg6 18. Nd3 Nxe3 19. Qxe3 Rac8 20. Nf2 Qxa2 21.
Bd3 Rxc3 22. bxc3 Nxd5 23. Qg3 Qa1+ 24. Kd2 Qxc3+ 25. Ke2 e4 26. Bb5 Qxg3 0-1

[Event "BSenEM 2014"]
[Site "Berlin"]
[Date "2014.01.31"]
[Round "2.45"]
[White "Krüger, Detlef"]
[Black "Kammler, Hans-Joachim"]
[Result "1/2-1/2"]
[WhiteElo "1664"]
[BlackElo "1459"]
[Annotator "Jaeger,André"]
[PlyCount "79"]
[EventDate "2014.01.30"]
[WhiteTeam "TSG RW Fredersdorf/Vogelsdorf"]
[BlackTeam "ohne Verein"]

1. e4 e6 2. d4 d5 3. exd5 exd5 4. Nf3 Bd6 5. Bd3 Nf6 6. O-O O-O 7. Bg5 Nbd7 8.
Nc3 c6 9. Qd2 Qc7 10. Rfe1 b6 11. a3 Bb7 12. h3 Rae8 13. b4 a6 14. Na4 Ne4 15.
Qc1 f6 16. Be3 f5 17. c4 f4 18. c5 fxe3 19. Rxe3 Bf4 20. cxb6 Nxb6 21. Nc5 Bxe3
22. fxe3 Nxc5 23. bxc5 Nd7 24. Qc2 Nf6 25. Qf2 Ne4 26. Qh4 Qe7 27. Qh5 g6 28.
Qg4 Bc8 29. Qh4 Qxh4 30. Nxh4 Rf6 31. Nf3 Ref8 32. Rb1 Bxh3 33. Ne5 Bxg2 34.
Kxg2 Rf2+ 35. Kg1 R8f5 36. Bxe4 dxe4 37. Nxc6 Re2 38. Ne7+ Kg7 39. Nxf5+ gxf5
40. Rc1 1/2-1/2

[Event "BSenEM 2014"]
[Site "Berlin"]
[Date "2014.01.31"]
[Round "2.46"]
[White "Fey, Jens"]
[Black "Kurbel, Horst-Peter"]
[Result "0-1"]
[WhiteElo "1460"]
[BlackElo "1652"]
[Annotator "Jaeger,André"]
[PlyCount "88"]
[EventDate "2014.01.30"]
[WhiteTeam "SK Tempelhof 1931 e.V."]
[BlackTeam "FC Bayern München e.V."]

1. e4 c5 2. Nc3 d6 3. Nf3 Nf6 4. d3 Nc6 5. Be2 g6 6. O-O Bg7 7. a3 O-O 8. Rb1
e6 9. Bg5 h6 10. Bd2 Nd4 11. Qc1 Nxe2+ 12. Nxe2 Kh7 13. Ng3 Qc7 14. Bc3 e5 15.
h3 b5 16. Nh2 Bb7 17. f4 a5 18. f5 b4 19. axb4 cxb4 20. Bd2 Ba6 21. fxg6+ fxg6
22. Rf2 Rac8 23. Be3 d5 24. Qd1 Rfd8 25. Qf1 Rf8 26. Rc1 dxe4 27. Qe1 Nd5 28.
Nxe4 Rxf2 29. Qxf2 Rf8 30. Qd2 Bb7 31. Nc5 Bc8 32. Ne4 Nxe3 33. Qxe3 Bf5 34.
Nf1 h5 35. Qe2 Bh6 36. Rb1 Bxe4 37. dxe4 Qc5+ 38. Kh1 Rf2 39. Qd3 Rxc2 40. Qd7+
Bg7 41. Qf7 Rf2 42. Qb3 Qb5 43. Ne3 Qe2 44. Kg1 a4 0-1

[Event "BSenEM 2014"]
[Site "Berlin"]
[Date "2014.01.31"]
[Round "2.47"]
[White "Wolf, Wilfried"]
[Black "Bensch, Wolfgang"]
[Result "1-0"]
[WhiteElo "1634"]
[BlackElo "1410"]
[Annotator "Jaeger,André"]
[PlyCount "91"]
[EventDate "2014.01.30"]
[WhiteTeam "Betriebsschach Berlin"]
[BlackTeam "SC Eintracht Berlin e.V."]

1. e4 e5 2. Nf3 Nc6 3. Bb5 a6 4. Ba4 d6 5. h3 h6 6. Nc3 Be6 7. Nd5 b5 8. Bb3
Na5 9. d3 Bxd5 10. Bxd5 c6 11. Bb3 Nf6 12. Bd2 Nb7 13. O-O Be7 14. c4 O-O 15.
Rc1 Qd7 16. Be3 c5 17. Qd2 Bd8 18. Qc2 Na5 19. Ra1 Qb7 20. Rfb1 Bc7 21. Nh4 Bd8
22. Nf5 Nc6 23. cxb5 Nb4 24. Qd1 Qxb5 25. Nxd6 Qxd3 26. Bxc5 Qxd1+ 27. Rxd1 Nc6
28. Bd5 Nxd5 29. exd5 Ne7 30. b4 Bc7 31. Nc4 Bd8 32. Nxe5 Re8 33. Nc4 a5 34.
Ne3 Ng6 35. a3 Bf6 36. Rab1 axb4 37. axb4 Rac8 38. d6 Rc6 39. Nd5 Ne5 40. Nxf6+
gxf6 41. Re1 Rd8 42. Rbd1 Nd7 43. Rd5 Nb6 44. Bxb6 Rxb6 45. d7 Rxb4 46. Re8+
1-0

[Event "BSenEM 2014"]
[Site "Berlin"]
[Date "2014.01.31"]
[Round "2.48"]
[White "Ebert, Lothar"]
[Black "Müller, Erhard"]
[Result "1-0"]
[WhiteElo "1440"]
[BlackElo "1629"]
[Annotator "Jaeger,André"]
[PlyCount "77"]
[EventDate "2014.01.30"]
[WhiteTeam "ohne Verein"]
[BlackTeam "SG Wedding e.V."]

1. e4 e5 2. Nf3 d6 3. Nc3 Be7 4. Be2 Nf6 5. d4 exd4 6. Qxd4 Nc6 7. Bb5 Bd7 8.
Bxc6 Bxc6 9. O-O O-O 10. Rb1 Re8 11. Nd5 Nxd5 12. exd5 Bf6 13. Qd3 Bd7 14. b3
g6 15. Bb2 Bf5 16. Qd2 Be4 17. Bxf6 Qxf6 18. Ng5 Qf5 19. Nxe4 Rxe4 20. Rbe1
Rae8 21. c4 Qh5 22. Rxe4 Rxe4 23. Re1 Re5 24. g3 Qf3 25. Re3 Qf6 26. Kg2 h5 27.
Qd4 b6 28. f4 Rf5 29. Qxf6 Rxf6 30. Re7 h4 31. Rxc7 a5 32. Rc6 g5 33. fxg5 h3+
34. Kxh3 Rf2 35. Rxd6 b5 36. cxb5 Rxa2 37. b6 Rb2 38. b7 Rxb3 39. Rd8+ 1-0

[Event "BSenEM 2014"]
[Site "Berlin"]
[Date "2014.01.31"]
[Round "2.49"]
[White "Sube, Günter"]
[Black "Köckeritz, Dieter"]
[Result "1-0"]
[WhiteElo "1622"]
[BlackElo "1404"]
[Annotator "Jaeger,André"]
[PlyCount "27"]
[EventDate "2014.01.30"]
[WhiteTeam "SV Bau-Union e.V."]
[BlackTeam "BSG 1827 Eckbauer e.V."]

1. e4 e5 2. Nc3 Nf6 3. f4 Nc6 4. Nf3 Bc5 5. fxe5 Ng4 6. d4 Nxd4 7. Nxd4 Nxe5 8.
Nb3 Bb4 9. Bf4 Ng6 10. Qf3 Bxc3+ 11. bxc3 Qf6 12. Bxc7 O-O 13. Qxf6 gxf6 14.
Bd3 1-0

[Event "BSenEM 2014"]
[Site "Berlin"]
[Date "2014.01.31"]
[Round "2.51"]
[White "Kujawa, Werner"]
[Black "Gnaß, Erhard"]
[Result "1-0"]
[WhiteElo "1609"]
[BlackElo "1377"]
[Annotator "Jaeger,André"]
[PlyCount "83"]
[EventDate "2014.01.30"]
[WhiteTeam "SV Motor Wildau e.V."]
[BlackTeam "SK Zehlendorf e.V."]

1. e4 e5 2. Nf3 Nc6 3. Bb5 d6 4. c3 Bd7 5. d4 h6 6. O-O Nf6 7. Re1 Be7 8. Nbd2
O-O 9. Nf1 a6 10. Ba4 b5 11. Bc2 Nh7 12. Ne3 Qc8 13. a4 Bg4 14. Nxg4 Qxg4 15.
axb5 axb5 16. Rxa8 Rxa8 17. dxe5 Nxe5 18. Nxe5 Qxd1 {(=)} 19. Rxd1 dxe5 20. g3
Bd6 21. Kg2 Nf8 22. Rd5 Rb8 23. b4 Be7 24. Rxe5 Ng6 25. Rd5 c6 26. Rd7 Bf6 27.
Bd2 Rd8 28. Rxd8+ Bxd8 29. f4 Bb6 30. e5 Ne7 31. Be4 Kf8 32. Kf3 g6 33. Be3
Bxe3 34. Kxe3 Ke8 35. Kd4 h5 36. Kc5 Kd7 37. h3 Kc7 38. g4 h4 39. f5 g5 40. f6
Nc8 41. Bxc6 Nb6 42. Bxb5 1-0

[Event "BSenEM 2014"]
[Site "Berlin"]
[Date "2014.01.31"]
[Round "2.52"]
[White "Bauer, Stefan"]
[Black "Korb, Viktor"]
[Result "0-1"]
[WhiteElo "1405"]
[BlackElo "1602"]
[Annotator "Jaeger,André"]
[PlyCount "115"]
[EventDate "2014.01.30"]
[WhiteTeam "SC Kreuzberg e.V."]
[BlackTeam "SF Siemensstadt"]

1. Nf3 d5 2. d4 Nf6 3. Nbd2 e6 4. g3 c5 5. c3 Nc6 6. e3 c4 7. Bg2 Bd6 8. O-O
Bd7 9. b4 cxb3 10. axb3 O-O 11. b4 a5 12. b5 Na7 13. c4 b6 14. Ne5 Rc8 15. Rb1
dxc4 16. Ndxc4 Bxb5 17. Nxd6 Qxd6 18. Re1 Nd5 19. Bd2 f6 20. Nf3 Nc3 21. Bxc3
Rxc3 22. e4 Bd3 23. Rc1 Rfc8 24. Rxc3 Rxc3 25. e5 Qe7 26. Qd2 Ra3 27. exf6 gxf6
28. Bh3 Qb4 29. Bxe6+ Kg7 30. Qf4 Nb5 31. Qb8 Nxd4 32. Qg8+ Kh6 33. Nd2 Nxe6
34. Qxe6 Bg6 35. Qh3+ Bh5 36. Qd7 Ra2 37. Qd8 Rxd2 38. Qxf6+ Bg6 39. h4 Rd5 40.
Rc1 Qd6 41. Qf3 Rd3 42. Qg4 Qf6 43. Qe2 Qf3 44. Qxf3 Rxf3 45. Rc6 Rb3 46. g4
Kg7 47. h5 Be4 48. h6+ Kf7 49. Rc7+ Kf6 50. f4 Rg3+ 51. Kf2 Rf3+ 52. Ke2 Rxf4
53. Rg7 Bg6 54. Rb7 Rb4 55. Rb8 a4 56. Kf3 Kg5 57. Rg8 a3 58. Ra8 0-1

[Event "BSenEM 2014"]
[Site "Berlin"]
[Date "2014.01.31"]
[Round "2.53"]
[White "Schrodt, Horst"]
[Black "Schulz, Manfred"]
[Result "0-1"]
[WhiteElo "1594"]
[BlackElo "1370"]
[Annotator "Jaeger,André"]
[PlyCount "85"]
[EventDate "2014.01.30"]
[WhiteTeam "SC Eintracht Berlin e.V."]
[BlackTeam "SK Tempelhof 1931 e.V."]

1. d4 b6 2. c4 Bb7 3. Nf3 e6 4. g3 Nf6 5. Bg2 Bb4+ 6. Bd2 Bxd2+ 7. Nbxd2 d6 8.
O-O O-O 9. Rc1 Nbd7 10. Re1 c5 11. Nb3 cxd4 12. Nbxd4 a6 13. e3 Rc8 14. b3 d5
15. cxd5 Bxd5 16. Qe2 b5 17. Nh4 Bxg2 18. Nxg2 Qb6 19. Rc2 Rxc2 20. Qxc2 Qc5
21. Rc1 Rc8 22. Ne1 Qxc2 23. Rxc2 Rxc2 24. Nexc2 Kf8 25. Nb4 Nb8 26. Ndc6 Nxc6
27. Nxc6 Nd5 28. b4 Ke8 29. a3 Nc7 30. Kf1 f6 31. h4 Kd7 32. Nd4 g6 33. Ke2 e5
34. Nc2 Kd6 35. e4 Ne6 36. f3 h5 37. Kd3 f5 38. exf5 gxf5 39. Ne3 Nd4 40. f4
Ke6 41. fxe5 Kxe5 42. Ng2 Ne6 43. Ke3 {Rest unklar.} 0-1

[Event "BSenEM 2014"]
[Site "Berlin"]
[Date "2014.01.31"]
[Round "2.54"]
[White "Hackenberg, Ronald"]
[Black "Kranch, Klaus"]
[Result "0-1"]
[WhiteElo "1388"]
[BlackElo "1593"]
[Annotator "Jaeger,André"]
[PlyCount "100"]
[EventDate "2014.01.30"]
[WhiteTeam "SC Kreuzberg e.V."]
[BlackTeam "SC Rochade e.V."]

1. d4 d5 2. c4 e6 3. Nc3 Nf6 4. cxd5 exd5 5. Bg5 Be7 6. Qc2 O-O 7. e3 Re8 8.
Bd3 h6 9. Bh4 c6 10. h3 Ne4 11. Bxe7 Qxe7 12. Nf3 Nd7 13. O-O Ndf6 14. Nd2 Bd7
15. a3 Nxc3 16. Qxc3 Ne4 17. Bxe4 dxe4 18. Qc5 Qh4 19. Qd6 Rad8 20. Qg3 Qxg3
21. fxg3 f5 22. Nc4 Be6 23. Ne5 Rd5 24. Rac1 a5 25. Rc3 Rb5 26. Rb1 Ba2 27.
Rbc1 Rxb2 28. Rc5 a4 29. Nc4 Bxc4 30. R5xc4 Rb3 31. R1c3 Rxc3 32. Rxc3 Re6 33.
Kf1 Kf7 34. Ke1 g5 35. Kd2 Rf6 36. d5 Rd6 37. Rc4 Rxd5+ 38. Ke2 Ra5 39. Kd2 Ke6
40. Kc3 Kd6 41. Kb4 Rd5 42. Rc2 b5 43. Re2 Rd3 44. Rf2 Rb3+ 45. Ka5 Ke5 46. Kb6
Rxa3 47. Kxc6 b4 48. Kc5 Rxe3 49. Kxb4 a3 50. Rc2 Rxg3 0-1

[Event "BSenEM 2014"]
[Site "Berlin"]
[Date "2014.01.31"]
[Round "2.55"]
[White "Pöltelt, Dr. Helmut"]
[Black "Scheumann, Joachim"]
[Result "1/2-1/2"]
[WhiteElo "1592"]
[BlackElo "1350"]
[Annotator "Jaeger,André"]
[PlyCount "86"]
[EventDate "2014.01.30"]
[WhiteTeam "SC Eintracht Berlin e.V."]
[BlackTeam "Godesberger SK 1929 e.V."]

1. e4 e5 2. Nf3 d6 3. d4 exd4 4. Nxd4 Nf6 5. Nc3 Be7 6. Be2 O-O 7. O-O Re8 8.
f4 c5 9. Nb3 Nc6 10. Bf3 Bf8 11. Kh1 c4 12. Nd4 Na5 13. Be3 Rb8 14. Qe2 a6 15.
a4 Qc7 16. g4 Qd7 17. Rg1 Qd8 18. g5 Nd7 19. Qf2 g6 20. h4 Bg7 21. h5 Nf8 22.
h6 Bh8 23. Nde2 Qe7 24. Nd5 Qe6 25. Rg3 Nc6 26. Nc7 Qe7 27. Nxe8 Qxe8 28. Nc3
Ne6 29. Rd1 f5 30. Rxd6 fxe4 31. Bxe4 Bxc3 32. bxc3 Ne7 33. a5 Nxg5 34. fxg5
Bf5 35. Bd5+ Nxd5 36. Rxd5 Be4+ 37. Kh2 Bxd5 38. Bd4 Qe4 39. Rg1 Rf8 40. Bf6
Qf3 41. Qxf3 Bxf3 42. Re1 Bc6 43. Re7 Rf7 1/2-1/2

[Event "BSenEM 2014"]
[Site "Berlin"]
[Date "2014.01.31"]
[Round "2.56"]
[White "Bolle, Dietrich"]
[Black "Kasper, Peter"]
[Result "0-1"]
[WhiteElo "1371"]
[BlackElo "1587"]
[Annotator "Jaeger,André"]
[PlyCount "120"]
[EventDate "2014.01.30"]
[WhiteTeam "SG Eckturm"]
[BlackTeam "SG Eckturm"]

1. d4 d5 2. Nf3 e6 3. c4 Nf6 4. e3 Be7 5. Bd3 O-O 6. O-O b6 7. Nc3 Bb7 8. a3
dxc4 9. Bxc4 c5 10. Be2 Qc7 11. Ne5 cxd4 12. exd4 Nd5 13. Nb5 Qc8 14. Bd2 a6
15. Rc1 Qd8 16. Nc3 Nxc3 17. Bxc3 Nd7 18. Bf3 Bxf3 19. Qxf3 Bg5 20. Rcd1 Nf6
21. Nc6 Qd7 22. Ne5 Qd5 23. Rfe1 Rac8 24. Qe2 b5 25. g3 Nd7 26. f4 Be7 27. Qg4
Nf6 28. Qe2 Bxa3 29. Ra1 b4 30. bxa3 bxc3 31. Qxa6 Qxd4+ 32. Kh1 c2 33. Qd3
Qxd3 34. Nxd3 Rfd8 35. Nb4 Rd2 36. Rac1 Nd5 37. Na2 Kf8 38. a4 Ra8 39. Re4 Rd1+
40. Kg2 Nc3 41. Rc4 Nxa2 42. R1xc2 Ra1 43. Kh3 Rb8 44. a5 Ke7 45. a6 Nb4 46.
Rc7+ Kf6 47. a7 Ra8 48. Rb2 Nd5 49. Rcb7 R8xa7 50. R7b5 R1a3 51. Rf2 g6 52. Kg2
Ne3+ 53. Kh3 Nd5 54. Kg2 Ra2 55. Rbb2 Rxb2 56. Rxb2 Nc3 57. Rb3 Ra2+ 58. Kh3
Ne4 59. g4 Rf2 60. Re3 Rxf4 0-1

[Event "BSenEM 2014"]
[Site "Berlin"]
[Date "2014.01.31"]
[Round "2.57"]
[White "Windmüller, Werner"]
[Black "Burkert, Wolfgang"]
[Result "1-0"]
[WhiteElo "1581"]
[BlackElo "1345"]
[Annotator "Jaeger,André"]
[PlyCount "73"]
[EventDate "2014.01.30"]
[WhiteTeam "SV Berolina Mitte e.V."]
[BlackTeam "SG Weißensee 49 e.V."]

1. d4 Nf6 2. c4 e6 3. a3 d5 4. e3 b6 5. Nc3 Bb7 6. Nf3 Bd6 7. h3 a6 8. b4 dxc4
9. Bxc4 b5 10. Bd3 O-O 11. e4 Be7 12. Qc2 g6 13. O-O Nc6 14. Be3 Kg7 15. e5 Ng8
16. Be4 f5 17. exf6+ Bxf6 18. Ne2 Nge7 19. Rad1 Qc8 20. Rc1 Nd5 21. Qd2 Kg8 22.
Bh6 Re8 23. Qd3 Nce7 24. Rc5 c6 25. g4 Bg7 26. Bd2 Nf6 27. Ng3 Nxe4 28. Nxe4
Qd8 {(=)} 29. Neg5 Bc8 30. Re1 Qd6 31. Ne4 Qc7 32. Bg5 Rd8 33. Bh4 e5 34. Bg3
Rd5 35. Qb3 Kh8 36. Neg5 exd4 37. Bxc7 1-0